Sports Quiz

Random Sports Quiz
Score 0/56 Timer 06:00
4 Plays Today
Season Player % Correct
2018/19Lionel Messi
99.8%
2006/07Lionel Messi
99.8%
2007/08Lionel Messi
99.8%
2008/09Lionel Messi
99.8%
2009/10Lionel Messi
99.8%
2010/11Lionel Messi
99.8%
2011/12Lionel Messi
99.8%
2012/13Lionel Messi
99.8%
2013/14Lionel Messi
99.8%
2014/15Lionel Messi
99.8%
2015/16Lionel Messi
99.8%
2016/17Lionel Messi
99.8%
2017/18Lionel Messi
99.8%
2019/20Lionel Messi
99.6%
2014/15Luis Suárez
99.3%
2015/16Luis Suárez
99.3%
2016/17Luis Suárez
99.3%
2017/18Luis Suárez
99.3%
2019/20Luis Suárez
99.3%
2018/19Luis Suárez
99.2%
2014/15Neymar
96.5%
2015/16Neymar
96.5%
2016/17Neymar
96.5%
2003/04Ronaldinho
91.9%
2005/06Ronaldinho
91.9%
2006/07Ronaldinho
91.9%
2004/05Samuel Eto'o
91.3%
2005/06Samuel Eto'o
91.3%
Season Player % Correct
2006/07Samuel Eto'o
91.3%
2007/08Samuel Eto'o
91.3%
2008/09Samuel Eto'o
91.3%
2009/10Pedro
86.3%
2010/11Pedro
86.3%
2013/14Pedro
86.3%
2011/12Xavi
85.9%
2007/08Thierry Henry
85.6%
2008/09Thierry Henry
85.6%
2010/11David Villa
84.2%
2012/13David Villa
84.2%
2009/10Zlatan Ibrahimovic
81.9%
1999/00Rivaldo
75.4%
2000/01Rivaldo
75.4%
2011/12Alexis Sánchez
70.4%
2013/14Alexis Sánchez
70.4%
1999/00Patrick Kluivert
63%
2000/01Patrick Kluivert
63%
2001/02Patrick Kluivert
63%
2002/03Patrick Kluivert
63%
2012/13Cesc Fàbregas
54.6%
2007/08Bojan Krkic
47.4%
2004/05Ludovic Giuly
44.4%
2001/02Javier Saviola
42.8%
2002/03Javier Saviola
42.8%
2003/04Javier Saviola
42.8%
2005/06Henrik Larsson
42.7%
1999/00Dani Garcia
16.6%
Remove Ads.
Support Sporcle.
Get the best of Sporcle when you Go Orange. This ad-free experience offers more features, more stats, and more fun while also helping to support Sporcle. Thank you for becoming a member.

You're not logged in!

Compare scores with friends on all Sporcle quizzes.
OR
Log In

Show Comments

Extras

Top Quizzes Today


Score Distribution

Your Account Isn't Verified!

In order to create a playlist on Sporcle, you need to verify the email address you used during registration. Go to your Sporcle Settings to finish the process.

Report this User

Report this user for behavior that violates our Community Guidelines.

Details: